Aplikácie personálnych informačných systémov

Personálny informačný systém. Vybrané aplikácie personálneho informačného systému a ich používanie v podnikovej praxi. Využívanie jednotlivých modulov personálnych informačných systémov v podnikovej praxi na Slovensku.

Salvato in:
Dettagli Bibliografici
Autore principale: Olexová, Cecília, 1976-
Altri autori: Stankovič, Lýdia
Natura: Capitolo di libro
Lingua:slovacco
Soggetti:
Tags: Aggiungi Tag
Nessun Tag, puoi essere il primo ad aggiungerne!!

MARC

LEADER 00000nla$a2200000$$$4500
001 0146639
005 20240605065720.5
041 0 |a slo 
044 |a SK 
245 1 0 |a Aplikácie personálnych informačných systémov  |c Cecília Olexová, Lýdia Stankovič 
520 |a Personálny informačný systém. Vybrané aplikácie personálneho informačného systému a ich používanie v podnikovej praxi. Využívanie jednotlivých modulov personálnych informačných systémov v podnikovej praxi na Slovensku. 
610 2 0 |a systémy informačné riadiace 
610 2 0 |a personalistika 
610 2 0 |a miesta pracovné 
610 2 0 |a zamestnanci 
610 2 0 |a plánovanie 
610 2 0 |a odmeňovanie 
610 2 0 |a evidencia 
610 2 0 |a vzdelávanie 
100 1 |a Olexová, Cecília, 1976- 
700 1 |a Stankovič, Lýdia